000 00515nam a22001697a 4500
005 20251108165524.0
008 250721s1994 xx 000 0 ara d
082 1 4 _aم/910.4/ادر
100 1 _aالأدريسي، أبو عبد الله
245 1 0 _aكتاب نزهة المشتاق في إختراق الآفاق /
264 _bمكتبه الثقافه الدينيه،
_c1994.
300 _a2مج0
650 1 7 _aالرحلات
650 1 7 _aأدب الرحلات
942 _2ddc
_cREF
999 _c29900
_d29900